MDQL
is popping MORE tags! Check the
thread
!
Quizzes
Events
Quiz Creation
Community
Videos
Private Events
Remove Ads
Sign In
Join for FREE
Feedback
Dark Mode
Quiz Categories
Sports
Geography
Music
Movies
Television
Just For Fun
Miscellaneous
History
Literature
Language
Science
Gaming
Entertainment
Religion
Holiday
For Kids
Quiz Lab
Recent
Popular Today
Quiz Kudos Today
Editor Picks
Curator Picks
Quizzes by...
Day
Popularity
Type
Ratings
Length
Year
Community
Subscriptions
Recent Discussions
Orange Saloon
Badges
Playlists
Quests
Create
Leaderboards
Showdown
Live 5
Trivia Bingo
Activity
Puzzle Library
Sporcle Events
Private Events
Virtual Trivia
Globe League
Become a Host
Pub Owners
SporcleCon
Opinionation
Our Games
Videos
Blog
Mobile Apps
Partnerships
Remove Ads and Go Orange
Feedback
Television
TV Characters
TV Show
Sitcom
Network
Friends
Reality Shows
Cast
South Park
Star Trek
The Simpsons
Doctor Who
Television
TV Characters
TV Show
Sitcom
Network
Friends
Reality Shows
Cast
South Park
Star Trek
The Simpsons
Doctor Who
Random Quiz
Search Sporcle
×
Quiz Lab
Quiz Lab
Television
Nominee
Type in answers that appear in a list
Type in answers that appear in a list
Classic
Best Score? Go Orange.
Kids' Choice Awards Nominees Stats
Can you name the Kids' Choice Awards Nominees?
By
Yoseph
20m
80 Questions
163 Plays
163 Plays
163 Plays
Comments
Comments
Give Quiz Kudos
Give Quiz Kudos
-
- Ratings
hide this ad
Replay
Link that replays current quiz
Next Quiz
Link to next quiz in quiz playlist
You Got
0%
They Got
Avg Score
28%
Avg Friend Score
Upgrade to see
Score Distribution
Jump to the score distribution portion of the page
Score
0/80
Timer
20:00
0
Plays Today
Category
Nominee
% Correct
Favorite Cartoon
Spongebob Squarepants
69.3%
Favorite TV Show
ICarly
62.6%
Favorite TV Actress
Selena Gomez
50.9%
Favorite Female Singer
Selena Gomez
50.3%
Favorite Reality Show
American Idol
48.5%
Favorite Reality Show
Wipeout
43.6%
Favorite Male Singer
Justin Bieber
40.5%
Favorite Female Singer
Taylor Swift
39.9%
Favorite TV Actress
Miranda Cosgrove
39.3%
Favorite TV Show
Wizards of Waverly Place
38.7%
Favorite TV Actress
Miley Cyrus
38.7%
Favorite TV Actor
Cole Sprouse
38%
Favorite TV Sidekick
Jennette McCurdy
38%
Favorite TV Actor
Dylan Sprouse
37.4%
Favorite Book
Witch and Wizard Series
37.4%
Favorite TV Show
The Suite Life on Deck
34.4%
Favorite TV Actor
Joe Jonas
34.4%
Favorite TV Actor
Nick Jonas
34.4%
Favorite Movie Actor
Jack Black
33.7%
Favorite TV Show
Big Time Rush
33.1%
Favorite Movie Actress
Miley Cyrus
33.1%
Favorite Music Group
Big Time Rush
33.1%
Favorite Female Singer
Miley Cyrus
32.5%
Favorite Female Singer
Katy Perry
32.5%
Favorite Movie Actor
Johnny Depp
31.9%
Favorite Animated Movie
Despicable Me
31.9%
Favorite Animated Movie
Toy Story 3
31.9%
Favorite TV Sidekick
David Henrie
30.7%
Favorite Movie
Diary of a Wimpy Kid
30.7%
Favorite Book
Diary of a Wimpy Kid Series
30.7%
Favorite Reality Show
America's Got Talent
29.4%
Favorite Movie
Harry Potter and the Deathly Hollows: Part 1
29.4%
Favorite Movie
The Karate Kid
29.4%
Favorite Voice from an Animated Movie
Tom Hanks(Toy Story 3)
29.4%
Favorite Voice from an Animated Movie
Eddie Murphy(Shrek Forever After)
29.4%
Favorite TV Actress
Victoria Justice
28.8%
Favorite Voice from an Animated Movie
Tim Allen(Toy Story 3)
28.8%
Favorite Female Athlete
Serena Williams
28.8%
Favorite Cartoon
Phineas and Ferb
28.2%
Favorite Buttkicker
Jackie Chan
28.2%
Category
Nominee
% Correct
Favorite Female Athlete
Venus Williams
28.2%
Favorite Video Game
Just Dance 2
28.2%
Favorite Cartoon
Scooby Doo! Mystery Incorporated
27.6%
Favorite Voice from an Animated Movie
Cameron Diaz(Shrek Forever After)
27.6%
Favorite Movie Actor
Jaden Smith
27%
Favorite Movie Actress
Kristen Stewart
27%
Favorite Animated Movie
Shrek Forever After
26.4%
Favorite Movie
Alice in Wonderland
25.8%
Favorite Movie Actress
Emma Watson
25.8%
Favorite Song
Baby(Justin Bieber ft. Ludacris)
25.8%
Favorite Buttkicker
Steve Carell
24.5%
Favorite Female Athlete
Danica Patrick
23.9%
Favorite Music Group
The Black Eyed Peas
23.9%
Favorite Buttkicker
Robert Downey Jr.
23.3%
Favorite Buttkicker
Will Ferrell
23.3%
Favorite Male Athlete
Shaquille O'Neal
22.7%
Favorite Animated Movie
How to Train Your Dragon
22.1%
Favorite Music Group
Jonas Brothers
22.1%
Favorite Male Singer
Usher
22.1%
Favorite Movie Actor
Dwayne Johnson
21.5%
Favorite Male Athlete
Shaun White
20.9%
Favorite Reality Show
America's Funniest Home Videos
19.6%
Favorite Male Singer
Bruno Mars
19.6%
Favorite TV Sidekick
Brenda Song
18.4%
Favorite TV Sidekick
Noah Munck
17.8%
Favorite Movie Actress
Ashley Judd
17.8%
Favorite Male Athlete
Michael Phelps
17.8%
Favorite Female Athlete
Lindsey Vonn
17.8%
Favorite Male Singer
Jay-Z
17.8%
Favorite Song
Mine(Taylor Swift)
17.2%
Favorite Cartoon
The Penguins of Madagascar
16.6%
Favorite Song
California Gurls(Katy Perry ft. Snoop Dogg)
16.6%
Favorite Book
Dork Diaries
16%
Favorite Music Group
Lady Antebellum
15.3%
Favorite Song
Hey, Soul Sister(Train)
14.7%
Favorite Video Game
Mario vs. Donkey Kong: Mini-Land Mayhem
14.7%
Favorite Book
Vampire Academy Series
12.9%
Favorite Video Game
Super Mario Galaxy 2
12.9%
Favorite Male Athlete
Peyton Manning
9.2%
Favorite Video Game
Need For Speed: Hot Pursuit
8.6%
Quiz Playlist
Details
Report
Send in Message
Add To Playlist
Classic:
Type in answers that appear in a list
Last Updated: Feb 16, 2017
Quiz Scoreboard
CHALLENGE
Sign Up to Join the Scoreboard
Show All
Scores
Hide
Comments
May contain spoilers
Recently Published
Image Sorting: Flags VI
by Barbecue
Geography
2m
Find the 'City' Movie
by crazypaving
Movies
60s
Colored Red Africa Blitz
by spor1
Geography
45s
More to Explore
Quiz From the Vault
Featured Blog Post
14 Easter Pick-up Lines to Find Eggs With
hide this ad
You Might Also Like...
Tags
Nominee Quiz
Award
Category
kid
Kids Choice
Today's Top Quizzes in Television
Browse Television
hide this ad
Today's Top Quizzes in Nominee
Browse Nominee
Top Contributed Quizzes in Television
1
Survivor Journey Challenge
2
Brooklyn Nine Nine Logic Puzzle (How-To-Play)
3
Total Drama Characters
4
Adjectives in 00s TV Shows
5
Phoebe Buffay Quotes
6
Survivor Heroes vs. Villains Logic Puzzle
7
Survivor Trivia
8
Emmerdale Characters (from August 2012)
9
Game of Thrones: Tywin Lannister Start to Finish
10
Survivor Logic Puzzle: Heroes vs. Villains
Explore More
Trending Topics
Disney
Anime
Harry Potter
Marvel
Kpop
Crossword
NBA
Puzzle
Country
Song
WWE
Soccer
The Office
Pokémon
NFL
hide this ad
More By:
Yoseph
Quiz
Plays
Rating
Category
Featured
Created
NBA BLITZ: Name That Player
7,650
2.19
Sports
May 20, 2011
Drawing a Blank in Sports
3,588
2.00
Sports
Apr 5, 2011
NFL Career 40,000 Yard Passers(as of 9/4/13)
3,120
4.11
Sports
Sep 4, 2013
Jordan 11 Colorways
1,300
5.00
Sports
Sep 4, 2013
NBA Finals: Dallas Mavericks vs. Miami Heat
998
1.23
Sports
May 31, 2011
Go to Creator's Profile
Score Distribution
Quiz Creator Spotlight
Yoseph
Follow
Send a Message
Quizzes Created
-
Created Quiz Play Count
-
More By This Creator
Popular Quizzes Today
1
Colored Red Africa Blitz
2
Find the US States - No Outlines Minefield
3
Find the 'City' Movie
4
5x2 Blitz: Bands
5
The Countries of the World
6
Find the US States
7
Find the Countries of Europe - No Outlines Minefield
8
US States
More Television Quizzes
Click the 'E' Cartoon Shows
Published
Trending Quizzes
Colored Red Europe Blitz I
Colored Red Europe Blitz II
Colored Red Africa Blitz II
Colored Red Europe Blitz III
Colored Red Africa Blitz III
Recently Updated
How Do You Spell That?
pecheneg
Godzilla Movies
pecheneg
Grab Bag: 4-10 Letters
pecheneg
2024 March Madness Bracket
pecheneg
Famous TV Couples
Peacemaker
Champions League XIs: Real Madrid
pecheneg
Largest US Cities 1790-2010
pecheneg
Rides in Walt Disney World
pecheneg
Most Oscar Losses (Acting)
pecheneg
Beyoncé Albums
pecheneg
Trending Topics
NBA
Disney
Anime
Marvel
Harry Potter
Kpop
Crossword
Soccer
Song
NFL
Country
The Office
Pokémon
Puzzle
WWE
Your Account Isn't Verified!
In order to create a playlist on Sporcle, you need to verify the email address you used during registration. Go to your
Sporcle Settings
to finish the process.
Report this User
Report this user for behavior that violates our
Community Guidelines
.
Details:
Send Report
Go to the Sporcle.com Mobile Site →
Comments